00656nam a2200169Ia 4500001002500000003000900025008004100034040002300075041001300098100002200111245014200133250001500275260003800290300001900328501012400347520001500471271.778-DAS an ca (4390)IT-MiSPE171229s9999||||xx |||||||||||||| ||und|| aIT-MiSPEcIT-MiSPE aITALIANO aAntonio Da Silva  0aIl cammino degli esercizi spirituali nel pensiero di don G. AlberionebRicerca sulle fonti della spiritualità della Famiglia Paolina... a1a ed. (v) aAricciabCentro Spir. Paol.c1981 a167 p. c24 cm aEdizioni San Paolo srl - Piazza Soncino, 5 - 20092 CINISELLO BALSAMO (MI) (non commercial uses only) ® Copyright 2018 aIll., tav.